Fyzika pre technikov 3 /

Guardado en:
Detalles Bibliográficos
Autores principales: Rákoš, Matej (Autor), Vulgan, Rafael (Autor), Veme, Ján (Autor)
Formato: Libro
Lenguaje:eslovaco
Publicado: Bratislava : Alfa, 1981
Edición:3.vyd.
Materias:
Etiquetas: Agregar Etiqueta
Sin Etiquetas, Sea el primero en etiquetar este registro!

MARC

LEADER 00000nam a22000003a 4500
001 stu41262
005 20150617225722.6
008 931118s1981----cs------------------slo-d
040 |a STU  |b slo 
041 0 |a slo 
044 |a cs 
080 |a 53  |7 stu_us_auth*stu7966 
080 |a 62(075.8) 
100 1 |a Rákoš, Matej  |4 aut 
245 1 |a Fyzika pre technikov 3 /  |c [aut.]Matej Rákoš, Ján Veme, Rafael Vulgan 
250 |a 3.vyd. 
260 |a Bratislava :  |b Alfa,  |c 1981 
300 |a 185 s 
650 7 |a fyzika  |2 stusub 
700 1 |a Vulgan, Rafael  |4 aut 
700 1 |a Veme, Ján  |4 aut 
996 |b 284M047937  |c M*S-459-5  |l MMKN  |s A  |a 24  |w stu41262_0001 
996 |b 284M047938  |c M*S-459-2  |l MMKN  |s A  |a 24  |w stu41262_0002 
996 |b 284M089835  |c M*S-459-1  |l MMKN  |s A  |a 24  |w stu41262_0003